|
|
|
|
| LEADER |
01008nam a2200265 a 4500 |
| 001 |
c000141157 |
| 003 |
CARM |
| 005 |
19960709000000.0 |
| 008 |
800811s1980 xraab 000 0 eng d |
| 019 |
1 |
|
|a 1767538
|5 LACONCORD2021
|
| 020 |
|
|
|a 0909378223 :
|c price unknown
|
| 035 |
|
|
|a (OCoLC)27571664
|5 LACONCORD2021
|
| 040 |
|
|
|a ANB
|b eng
|c ANB
|d XNTU
|
| 042 |
|
|
|a anuc
|
| 082 |
0 |
4 |
|a 711/.4
|
| 245 |
0 |
0 |
|a Urban conservation manual.
|
| 260 |
|
|
|a Adelaide :
|b National Trust of South Australia,
|c 1980.
|
| 300 |
|
|
|a 20 leaves :
|b ill., maps ;
|c 30 cm.
|
| 500 |
|
|
|a Towns of historical importance. Conservation (ANB/PRECIS SIN 0466816)
|
| 650 |
|
0 |
|a Historic sites
|x Conservation and restoration.
|
| 650 |
|
0 |
|a City planning.
|
| 710 |
2 |
|
|a National Trust of South Australia.
|
| 852 |
8 |
|
|b CARM
|h A2:AH05C5
|i D02148
|p 0107354
|f BK
|
| 999 |
f |
f |
|i 68ea3bdb-239e-54f1-9398-401acc66ed7d
|s 0f0aa364-05bf-5db8-92df-2c717c1961c7
|
| 952 |
f |
f |
|p Can circulate
|a CAVAL
|b CAVAL
|c CAVAL
|d CARM 1 Store
|e D02148
|f A2:AH05C5
|h Other scheme
|i book
|m 0107354
|